Word Ladder: Reading Tool Quiz Stats

 Plays Quiz Updated Apr 18, 2018

Challenge
Share
Tweet
Embed
Score 0/19 Timer 02:00
9 Plays Today
Clue 4-Letter Word % Correct
Prepare a mealCOOK
97.9%
HairlessBALD
97.5%
Winter ailmentCOLD
96.4%
Emphasized, like a fontBOLD
96.3%
Bridge crossing feeTOLL
96.1%
Merlot's stopperCORK
95.4%
Hire a band for a venue• BOOK •
94.2%
Elaborate formal danceBALL
93.9%
Parachute openerCORD
93.7%
StatuesqueTALL
93.4%
Clue 4-Letter Word % Correct
Train trackRAIL
88.2%
Type of armorMAIL
81.6%
Second Gospel of 'The New Testament'• MARK •
81.5%
University of Alabama slogan: '____ Tide' ROLL
80.2%
Common downtown street nameMAIN
77.1%
'Typhoid ____'MARY
75.9%
LotsMANY
75.2%
To upset another personROIL
72.8%
Director of 'Heat', 'Miami Vice', and 'Collateral'MANN
65.4%

Today's Daily Dose

You're not logged in!

Compare scores with friends on all Sporcle quizzes.
OR
Log In

You Might Also Like...

Show Comments

Extras

Top Quizzes Today


Score Distribution

Your Account Isn't Verified!

In order to create a playlist on Sporcle, you need to verify the email address you used during registration. Go to your Sporcle Settings to finish the process.

Report this User

Report this user for behavior that violates our Community Guidelines.

Details: